हम और हमारा पर्यावरण/ (Record no. 208016)

MARC details
000 -LEADER
fixed length control field 00800nam a22001937a 4500
005 - DATE AND TIME OF LATEST TRANSACTION
control field 20250109141645.0
010 ## - LCCN (DPL NO)
LC control number HIN-129112
020 ## - INTERNATIONAL STANDARD BOOK NUMBER
International Standard Book Number 97881877700704
Terms of availability 450.00
035 ## - SYSTEM CONTROL NUMBER
System control number HN-101458
037 ## - SOURCE OF ACQUISITION
Source of stock number/acquisition DBAD
082 ## - DEWEY DECIMAL CLASSIFICATION NUMBER
Classification number 363.7007
100 ## - MAIN ENTRY--PERSONAL NAME
Personal name पाण्डेय, रविशंकर
245 ## - TITLE STATEMENT
Title हम और हमारा पर्यावरण/
Statement of responsibility, etc रविशंकर पाण्डेय
250 ## - EDITION STATEMENT
Edition statement तृतीय
260 ## - PUBLICATION, DISTRIBUTION, ETC. (IMPRINT)
Place of publication, distribution, etc इलाहाबाद
Name of publisher, distributor, etc अनामिका प्रकाशन
Date of publication, distribution, etc 2009
270 ## - ADDRESS
Address 52, तुलारामबाग , इलाहाबाद
City उत्तरप्रदेश
Postal code 211006
300 ## - PHYSICAL DESCRIPTION
Extent 248पृ.
Dimensions 22 सेमी (सजिल्द)
942 ## - ADDED ENTRY ELEMENTS (KOHA)
Source of classification or shelving scheme Dewey Decimal Classification
Item type Hindi Books
Classification part 363.7007
Call number suffix पाण्डेय
Holdings
Withdrawn status Lost status Not for loan Collection code Home library Current library Date acquired Source of acquisition Cost, normal purchase price Full call number Barcode Copy number Cost, replacement price Koha item type
      Non-fiction Sarojini Nagar Sarojini Nagar 03/01/2025 DBAD 450.00 363.7007 पाण्डेय HN-101458 1 450.00 Hindi Books

© Delhi Public Library
Hit Counter
free hit counter